Metodologické aspekty marketingu v ťažobnej organizácii
Odvetvie magnezitu zo svetového pohľadu. Ročná kapacita výroby magnezitu. Západoeurópski výrobcovia surového magnezitu. Výrobcovia magnezitu z východnej Európy a Stredného Východu. Ponuka a dopyt magnezitu. Marketingový rozbor trhových segmentov magnezitu.
Salvato in:
| Autore principale: | |
|---|---|
| Natura: | Capitolo di libro |
| Lingua: | slovacco |
| Soggetti: | |
| Tags: |
Nessun Tag, puoi essere il primo ad aggiungerne!!
|
MARC
| LEADER | 00000naa$a2200000$$$4500 | ||
|---|---|---|---|
| 001 | 0027744 | ||
| 005 | 20221128113226.0 | ||
| 041 | 0 | |a slo | |
| 044 | |a SK | ||
| 245 | 1 | 0 | |a Metodologické aspekty marketingu v ťažobnej organizácii |c Adriana Csikósová |
| 520 | |a Odvetvie magnezitu zo svetového pohľadu. Ročná kapacita výroby magnezitu. Západoeurópski výrobcovia surového magnezitu. Výrobcovia magnezitu z východnej Európy a Stredného Východu. Ponuka a dopyt magnezitu. Marketingový rozbor trhových segmentov magnezitu. | ||
| 610 | 2 | 0 | |a priemysel ťažobný |
| 610 | 2 | 0 | |a magnezit |
| 610 | 2 | 0 | |a produkcia |
| 610 | 2 | 0 | |a svet |
| 610 | 2 | 0 | |a ponuka |
| 610 | 2 | 0 | |a dopyt |
| 610 | 2 | 0 | |a konkurencieschopnosť |
| 610 | 2 | 0 | |a stratégia marketingová |
| 100 | 1 | |a Csikósová, Adriana | |